All 10k+ Cities in Paraguay - Statistics

General Stats
  • This quiz has been taken 55 times
  • The average score is 23 of 55
Answers on the Map
Answers color-coded by a green-red scale on the quiz's map according to % correct below.
 
Answer Stats
Department Population Answer % Correct
Asunción 462,241 Asunción
95%
Alto Paraná 325,819 Ciudad del Este
82%
Concepción 59,374 Concepción
73%
Itapúa 84,317 Encarnación
73%
Guairá 44,829 Villarrica
73%
Central 236,999 Capiatá
68%
Central 259,705 Luque
68%
Amambay 114,944 Pedro Juan Caballero
68%
Central 225,395 San Lorenzo
68%
Caaguazú 64,794 Caaguazú
64%
Caaguazú 67,307 Coronel Oviedo
64%
Central 127,150 Lambaré
64%
Central 110,255 Fernando de la Mora
59%
Alto Paraná 86,878 Presidente Franco
59%
Central 139,652 Limpio
55%
Cordillera 30,534 Caacupé
50%
Boquerón 11,488 Loma Plata
50%
Central 85,133 Mariano Roque Alonso
50%
Central 116,383 Ñemby
50%
Paraguarí 12,987 Paraguarí
50%
Ñeembucú 31,399 Pilar
50%
Canindeyú 17,332 Salto del Guairá
50%
Central 70,298 Areguá
45%
Alto Paraná 67,581 Minga Guazú
45%
Misiones 12,039 San Juan Bautista
45%
Presidente Hayes 37,048 Villa Hayes
45%
Central 16,505 Villeta
45%
Alto Paraná 73,486 Hernandarias
41%
Itapúa 10,217 Hohenau
41%
Central 71,383 Villa Elisa
41%
Central 30,843 Itá
36%
Central 57,843 San Antonio
36%
Misiones 19,449 San Ignacio
36%
San Pedro 20,587 San Estanislao
32%
Central 10,524 Ypacaraí
32%
Misiones 13,698 Ayolas
27%
Presidente Hayes 12,474 Benjamín Aceval
27%
Central 26,063 Guarambaré
27%
Concepción 14,963 Horqueta
27%
Central 60,162 Julián Augusto Saldívar
27%
Caazapá 10,313 San Juan Nepomuceno
27%
Central 66,700 Ypané
27%
Itapúa 38,920 Cambyretá
23%
Amambay 10,902 Capitán Bado
23%
Paraguarí 10,873 Carapeguá
23%
Central 67,686 Itauguá
23%
Paraguarí 10,275 Yaguarón
23%
Canindeyú 15,098 Curuguaty
18%
Itapúa 10,518 María Auxiliadora
18%
Cordillera 14,366 Tobatí
18%
Boquerón 15,514 Filadelfia Fernheim
9%
Cordillera 10,576 Piribebuy
9%
San Pedro 11,548 San Pedro de Ycuamandiyú
9%
Caaguazú 19,475 Dr. J. Eulogio Estigarribia
5%
Alto Paraná 18,573 Santa Rita de Lima
5%
No matching quizzes found
Score Distribution
Percent of People with Each Score
Percentile by Number Answered
Your Score History
You have not taken this quiz